Методология управления трудовыми ресурсами

Dettagli Bibliografici
Altri autori: Егоршин А. П. Александр Петрович (редактор), Гуськова И. В. Ирина Владимировна
Riassunto:В монографии рассмотрены теоретические основы рынка трудовых ресурсов и формы его государственного регулирования. Исследовано управление занятостью населения, сущность и тенденции безработицы, проблемы миграции населения в современной экономике России.Исследовано влияние рынка образования на формирование трудовых ресурсов, изложены сценарии развития и прогноз рынка образования на период до 2020 года. Предложена методология расчета качества жизни населения по регионам России и научный прогноз на ближайшую перспективу, изложена концепция оценки человеческого капитала в национальной экономике. Рассмотрены проблемы семьи и домашнего хозяйства в системе трудовых отношений современной России. Изложена концепция оценки экономической эффективности трудовой деятельности. Монография предназначена для преподавателей, аспирантов, магистров и ученых, исследующих проблему трудовых ресурсов и экономики труда.
Lingua:russo
Pubblicazione: Нижний Новгород, НИМБ, 2008
Soggetti:
Natura: MixedMaterials Libro
KOHA link:https://koha.lib.tpu.ru/cgi-bin/koha/opac-detail.pl?biblionumber=153824

MARC

LEADER 00000nam0a2200000 4500
001 153824
005 20231101221724.0
010 |a 9785901335284 
035 |a (RuTPU)RU\TPU\book\166869 
090 |a 153824 
100 |a 20090217d2008 k y0rusy50 ca 
101 0 |a rus 
102 |a RU 
105 |a a z 001zy 
200 1 |a Методология управления трудовыми ресурсами  |f под ред. А. П. Егоршина; И. В. Гуськовой 
210 |a Нижний Новгород  |c НИМБ  |d 2008 
215 |a 350 с.  |c ил. 
320 |a Библиогр.: с. 345-348. 
330 |a В монографии рассмотрены теоретические основы рынка трудовых ресурсов и формы его государственного регулирования. Исследовано управление занятостью населения, сущность и тенденции безработицы, проблемы миграции населения в современной экономике России.Исследовано влияние рынка образования на формирование трудовых ресурсов, изложены сценарии развития и прогноз рынка образования на период до 2020 года. Предложена методология расчета качества жизни населения по регионам России и научный прогноз на ближайшую перспективу, изложена концепция оценки человеческого капитала в национальной экономике. Рассмотрены проблемы семьи и домашнего хозяйства в системе трудовых отношений современной России. Изложена концепция оценки экономической эффективности трудовой деятельности. Монография предназначена для преподавателей, аспирантов, магистров и ученых, исследующих проблему трудовых ресурсов и экономики труда. 
606 1 |a Трудовые ресурсы  |x Управление  |2 stltpush  |3 (RuTPU)RU\TPU\subj\37115  |9 58255 
610 1 |a экономика 
610 1 |a труд 
610 1 |a персонал 
610 1 |a рынок труда 
610 1 |a государственное регулирование 
610 1 |a занятость 
610 1 |a безработица 
610 1 |a миграция 
610 1 |a образование 
610 1 |a высшее образование 
610 1 |a качество жизни 
610 1 |a семья 
610 1 |a домашнее хозяйство 
610 1 |a художественный промысел 
610 1 |a трудовая деятельность 
610 1 |a экономическая эффективность 
686 |a У9(2)240  |v LBC/SL-A  |2 rubbk 
702 1 |a Егоршин  |b А. П.  |g Александр Петрович  |4 340 
702 1 |a Гуськова  |b И. В.  |g Ирина Владимировна  |4 340 
801 1 |a RU  |b 63413507  |c 20090217  |g PSBO 
801 2 |a RU  |b 63413507  |c 20090923  |g RCR 
942 |c BK 
959 |a 18/20090203  |d 1  |e 242,00  |f ЧЗГЛ:1